| 000 | 00732nas a2200241 4500 | ||
|---|---|---|---|
| 001 | BR0201041 | ||
| 003 | BR-BrBNA | ||
| 005 | 20231205102755.0 | ||
| 007 | ta | ||
| 008 | 230509b bl.|||p| |||| 00| 00por d | ||
| 040 |
_aBR-BrBNA _bpor _cBiblioteca Nacional de Agricultura |
||
| 041 | _a(Pt) | ||
| 072 | _aP35; F04 | ||
| 100 | 1 | _aCastilhos, R.M.V. | |
| 100 | 1 | _aMeurer, E.J. | |
| 245 | 1 | _aCinética de liberação de potássio em planossolo do Estado do Rio Grande do Sul | |
| 650 | _aArroz Irrigado | ||
| 650 | _aPotássio | ||
| 650 | _aPlanossolo | ||
| 773 | 0 |
_tCiência Rural (Brazil) _xISSN 0103-8478 _g(Nov-Dec 2001), v. 31(6) p. 979-983 _wBR0201041 |
|
| 909 |
_a202311 _bLúcia _c55 _dLúcia Elande |
||
| 942 |
_2AGRIS _n0 _cANA |
||
| 999 |
_c169269 _d169269 |
||